00254nam a2200097Ia 4500008004000000082001300040100001800053245003500071260004200106300000800148210210b2000 xxu||||| |||| 00| 0 eng d a379 SHUN aSHUKLA (P D). aNew education policy in india. aNDbSterling Publishers Pvt Ltdc2000 a157